Aspectos deontológicos de la lactancia (Record no. 94573)

MARC details
000 -LEADER
campo de control de longitud fija 00726nam a2200193 i 4500
001 - NÚMERO DE CONTROL
campo de control 94573
003 - IDENTIFICADOR DE NÚMERO DE CONTROL
campo de control ES-MaACL
005 - FECHA Y HORA DE LA ÚLTIMA TRANSACCIÓN
campo de control 20230906181519.0
007 - CAMPO FIJO DE DESCRIPCIÓN FÍSICA--INFORMACIÓN GENERAL
campo de control de longitud fija t|
008 - DATOS DE LONGITUD FIJA--INFORMACIÓN GENERAL
campo de control de longitud fija 050509s1950 sp ||||1| spa d
100 1# - ENTRADA PRINCIPAL--NOMBRE DE PERSONA
Nombre de persona Loste Echeto, Lorenzo.
9 (RLIN) 74289
245 10 - MENCIÓN DEL TÍTULO
Título Aspectos deontológicos de la lactancia
Resto del título : Conferencia pronunciada el 9 de julio de 1950... en Jaca (Universidad de verano) /
Mención de responsabilidad, etc. Lorenzo Loste Echeto.
260 ## - PUBLICACIÓN, DISTRIBUCIÓN, ETC.
Lugar de publicación, distribución, etc. Huesca :
Nombre del editor, distribuidor, etc. [s.n.],
Fecha de publicación, distribución, etc. 1950 (
Fabricante Imp. Provincial)
300 ## - DESCRIPCIÓN FÍSICA
Extensión 46 p. ;
Dimensiones 22 cm.
490 1# - MENCIÓN DE SERIE
Mención de serie Publicaciones de la Hermandad de San Damián de Huesca
830 0# - PUNTO DE ACCESO ADICIONAL DE SERIE-TÍTULO UNIFORME
Título uniforme Publicaciones de la Hermandad de San Damián de Huesca
9 (RLIN) 232150
852 ## - LOCALIZACIÓN
Ubicación ES-MaACL
Número de control de estantería 1908-F-11
Sublocalización o colección R.30244
Holdings
Estatus retirado Estado de pérdida Estado de daño No para préstamo Colección Biblioteca de origen Biblioteca actual Ubicación en estantería Fecha de adquisición Fuente de adquisición Total de préstamos Signatura topográfica completa Código de barras Visto por última vez Precio de reemplazo Tipo de ítem Koha
        Colección de folletos Biblioteca del Ateneo de Madrid Biblioteca del Ateneo de Madrid Depósito folletos 17/01/2008     1908-F-11 1098771 23/02/2023 23/02/2023 Folleto